Technical Communication (Record no. 5035)

MARC details
005 - DATE AND TIME OF LATEST TRANSACTION
control field 20250625114542.0
020 ## - INTERNATIONAL STANDARD BOOK NUMBER
International Standard Book Number 0-256-22058-1
082 ## - DEWEY DECIMAL CLASSIFICATION NUMBER
Classification number 601.4 LAY
100 ## - MAIN ENTRY--PERSONAL NAME
Author name LAY, M . M
245 ## - TITLE STATEMENT
Title Technical Communication
250 ## - EDITION STATEMENT
Edition statement 2nd Ed.
260 ## - PUBLICATION, DISTRIBUTION, ETC.
Place of publication, distribution, etc. Boston
Name of publisher, distributor, etc. McGraw-Hill Irwin
Date of publication, distribution, etc. 2000.
300 ## - PHYSICAL DESCRIPTION
Extent xxv,742p.: ill.; figures
Other physical details Appendix, Index, Glossary
Dimensions 23cm
700 ## - ADDED ENTRY--PERSONAL NAME
Other authors/Editors Billie J. Wahlstrom
700 ## - ADDED ENTRY--PERSONAL NAME
Other authors/Editors Cynthia L. Selfe
700 ## - ADDED ENTRY--PERSONAL NAME
Other authors/Editors Jack Selzer
700 ## - ADDED ENTRY--PERSONAL NAME
Other authors/Editors Carolyn D. Rude
942 ## - ADDED ENTRY ELEMENTS (KOHA)
Source of classification or shelving scheme Dewey Decimal Classification
Koha item type Books
Holdings
Date last seen Total checkouts Full call number Barcode Price effective from Koha item type Lost status Source of classification or shelving scheme Damaged status Not for loan Withdrawn status Home library Current library Shelving location Date acquired Source of acquisition
06/25/2025   601.4 LAY MZA0002150 06/25/2025 Books   Dewey Decimal Classification       CBE Mwanza CBE Mwanza General Collection 07/31/2017 Library Budget
06/25/2025   601.4 LAY MZA0002151 06/25/2025 Books   Dewey Decimal Classification       CBE Mwanza CBE Mwanza General Collection 07/31/2017 Library Budget
06/25/2025   601.4 LAY MZA0002152 06/25/2025 Books   Dewey Decimal Classification       CBE Mwanza CBE Mwanza General Collection 07/31/2017 Library Budget
06/25/2025   601.4 LAY MZA0002153 06/25/2025 Books   Dewey Decimal Classification       CBE Mwanza CBE Mwanza General Collection 07/31/2017 Library Budget